Stavba budov - mechanizácia a prevádzanie stavieb : Technológia dokončovacích procesov

Na minha lista:
Detalhes bibliográficos
Main Authors: Adameová, Oľga (Author), Ivanová, Ružena (Author)
Formato: Livro
Idioma:eslovaco
Publicado em: Bratislava : SVŠT v Bratislave, 1983
Tags: Adicionar Tag
Sem tags, seja o primeiro a adicionar uma tag!

MARC

LEADER 00000nam a22000003a 4500
001 stu82004
005 20150617225637.5
008 031003s1983----cs------------------slo-d
040 |a STU  |b slo 
041 0 |a slo 
044 |a cs 
080 |a 624.05(075.8) 
080 |a 69.05(075.8) 
100 1 |a Adameová, Oľga  |4 aut 
245 1 |a Stavba budov - mechanizácia a prevádzanie stavieb :  |b Technológia dokončovacích procesov 
260 |a Bratislava :  |b SVŠT v Bratislave,  |c 1983 
300 |a 144 s.;tab.,schémy 
700 1 |a Ivanová, Ružena  |4 aut 
996 |b 284V025557  |c V*14859/S-83  |l VVS  |s A  |a 24  |w stu82004_0001 
996 |b 284V025556  |c V*14860/S-83  |l VVS  |s A  |a 24  |w stu82004_0002